| 000 | 01178nam a22003134a 4500 | ||
|---|---|---|---|
| 001 | 197838 | ||
| 003 | ES-MaACL | ||
| 005 | 20251025063031.0 | ||
| 008 | 250924s2025 sp ||||| |||| 001 0 spa d | ||
| 020 | _a979-05-68790-34-5 | ||
| 040 |
_aES-MaACL _bspa _cES-MaACL _erda |
||
| 080 | _a821.134.2-31"19" | ||
| 100 |
_aRamos, César _9242283 |
||
| 245 | 1 | 0 |
_aMe robaron el futuro : _bmanual para sobrevivir en un mundo dominado por la inteligencia artificial / _cCésar Ramos |
| 264 | 1 |
_aSevilla : _bPunto Rojo Libros, _c[2025] |
|
| 264 | 4 | _a©2025 | |
| 300 |
_a114 páginas ; _c21 cm |
||
| 336 |
_2rdacontent _atexto |
||
| 337 |
_2rdamedia _asin mediación |
||
| 338 |
_2rdacarrier _avolumen |
||
| 500 | _aÍndice | ||
| 500 | _aEjemplar dedicado y firmado por el autor | ||
| 655 | 0 |
_9235537 _aNovelas distópicas |
|
| 852 |
_aES-MaACL _cDEPO1 _jA-15811 _gDedicatoria autógrafa del autor _hDonación: César Ramos _xEncuadernación rústica _9206850 |
||
| 942 |
_cMONOGRAFIA _n0 |
||
| 999 |
_c197838 _d197838 |
||